000 00277nam a2200109Ia 4500
008 220204s9999 xx 000 0 und d
082 _a62(058)
_bMET
100 _aMetzger, Jerome F
245 0 _aIC Master
260 _aNew York
_bUnited Technical Publication
_c1978
942 _cBK
999 _c29528
_d29528